000 00817nam a22002415i 4500
001 11525
003 ES-MaACL
005 20250808084333.0
008 950303m19949999sp ||||0| spa d
020 _a84-470-0358-2
080 _a347(460)"19"(094.5)
245 0 0 _aLegislación de derecho civil foral.
250 _a2ª ed.
260 _aMadrid :
_bCivitas,
_c1994.
300 _a2 v. ;
_c16 cm.
490 1 _aBiblioteca de legislación. Serie menor ;
_v63-64
505 8 _aContiene: 1. Cataluña, Galicia y País Vasco - 2. Aragón, Islas Baleares y Navarra
650 1 4 _aDerecho civil-
_zEspaña-
_vLegislación
_911663
650 _aFueros-
_zEspaña.
_912991
830 1 _aBiblioteca de legislación. Serie menor ;
_v63-64
_9178079
852 _aES-MaACL
_jL-18884-85
999 _c11525
_d11525